Odkladanie a rekuperácia rodinných a reprodukčných zámerov v regionálnom kontexte na Slovensku

Odkladanie sobášnosti a plodnosti je jedným z hlavných vývojových trendov v rodinnom a reprodukčnom správaní na Slovensku s významnými dopadmi na  časovanie a intenzitu sobášnosti a plodnosti. Analýza procesu odkladania a rekuperácie manželských a reprodukčných štartov žien na Slovensku v regionálne...

Ausführliche Beschreibung

Gespeichert in:
Bibliographische Detailangaben
1. Verfasser: Šprocha, Branislav
Format: Buchkapitel
Sprache:Slowakisch
Schlagworte:
Tags: Tag hinzufügen
Keine Tags, Fügen Sie das erste Tag hinzu!

MARC

LEADER 00000naa a2200000 4500
001 0238016
005 20220715093818.5
041 0 |a slo 
044 |a SK 
245 1 0 |a Odkladanie a rekuperácia rodinných a reprodukčných zámerov v regionálnom kontexte na Slovensku  |c Branislav Šprocha 
520 |a Odkladanie sobášnosti a plodnosti je jedným z hlavných vývojových trendov v rodinnom a reprodukčnom správaní na Slovensku s významnými dopadmi na  časovanie a intenzitu sobášnosti a plodnosti. Analýza procesu odkladania a rekuperácie manželských a reprodukčných štartov žien na Slovensku v regionálnej perspektíve. 
610 2 0 |a analýza štatistická 
610 2 0 |a Slovensko 
610 2 0 |a regióny 
610 2 0 |a plodnosť 
610 2 0 |a manželstvo 
610 2 0 |a reprodukcia obyvateľstva 
100 1 |a Šprocha, Branislav